000 00284nam a22001337a 4500
003 SGT
082 _a370
_bA16T
100 _aTULSIANI, HARKISHAN
245 _aACCOUNTING WITH TALLY 9
260 _aNEW DELHI
_bAPH PUB
_c2016
300 _a117
650 _aEDUCATION
942 _2ddc
_cBK
999 _c12211
_d12211